| 000 -LEADER |
| fixed length control field |
00905nam a2200253Ia 4500 |
| 001 - CONTROL NUMBER |
| control field |
16460 |
| 003 - CONTROL NUMBER IDENTIFIER |
| control field |
GE_BSU |
| 008 - FIXED-LENGTH DATA ELEMENTS--GENERAL INFORMATION |
| fixed length control field |
181216s||||||||xx |||||||||||||| ||und|| |
| 020 ## - INTERNATIONAL STANDARD BOOK NUMBER |
| International Standard Book Number |
9782340001671 |
| 040 ## - CATALOGING SOURCE |
| Transcribing agency |
GE_BSU |
| 080 ## - UNIVERSAL DECIMAL CLASSIFICATION NUMBER |
| Universal Decimal Classification number |
811.133.1+33 |
| 100 ## - MAIN ENTRY--PERSONAL NAME |
| Personal name |
Daniel, Jean-Marc |
| 245 ## - TITLE STATEMENT |
| Title |
Manuel d'Économie |
| 245 ## - TITLE STATEMENT |
| Remainder of title |
Classes preparatoires,Grandes ecoles,Concours |
| 260 ## - PUBLICATION, DISTRIBUTION, ETC. |
| Place of publication, distribution, etc. |
Paris |
| 260 ## - PUBLICATION, DISTRIBUTION, ETC. |
| Name of publisher, distributor, etc. |
Ellipses |
| 260 ## - PUBLICATION, DISTRIBUTION, ETC. |
| Date of publication, distribution, etc. |
2014 |
| 300 ## - PHYSICAL DESCRIPTION |
| Extent |
255p;23cm. |
| 653 ## - INDEX TERM--UNCONTROLLED |
| Uncontrolled term |
Le but de ce livre est de faire un exposé à la fois scientifique et accessible des connaissances en économie, un exposé qui puisse servir aussi bien aux étudiants qu'aux curieux désireux de dépasser les poncifs pour comprendre le monde dans lequel nous vivons. Comprendre et faire comprendre est l'ob |
| 653 ## - INDEX TERM--UNCONTROLLED |
| Uncontrolled term |
Manuel d'Économie |
| 653 ## - INDEX TERM--UNCONTROLLED |
| Uncontrolled term |
ფრანგული ენა |
| 942 ## - ADDED ENTRY ELEMENTS (KOHA) |
| Koha item type |
წიგნი |